Chaos in dynamics systems. (2nd ed.) (Record no. 78154)

MARC details
000 -LEADER
fixed length control field 00932nam a2200193 a 4500
008 - FIXED-LENGTH DATA ELEMENTS--GENERAL INFORMATION
fixed length control field 120416s2002 ||||||||||||||||| || u
020 ## - INTERNATIONAL STANDARD BOOK NUMBER
International Standard Book Number 0521010845
050 ## - LIBRARY OF CONGRESS CALL NUMBER
Classification number Q 172.5.C45 Ott
100 ## - MAIN ENTRY--PERSONAL NAME
Personal name Ott, Edward
245 10 - TITLE STATEMENT
Title Chaos in dynamics systems. (2nd ed.)
250 ## - EDITION STATEMENT
Edition statement 2nd ed.
260 ## - PUBLICATION, DISTRIBUTION, ETC.
Place of publication, distribution, etc. Cambridge:
Name of publisher, distributor, etc. Cambridge Unuversity Press
Date of publication, distribution, etc. 2002
300 ## - PHYSICAL DESCRIPTION
Extent xi, 478p. : ill.
350 ## -
-- 0.00
650 ## - SUBJECT ADDED ENTRY--TOPICAL TERM
Topical term or geographic name entry element CHAOTIC BEHAVIOR IN SYSTEMS
995 ## -
-- MAIN LIBRARY OPEN ACCESS
-- 0.00
-- 735358
-- CBU-MAIN LIBRARY (Kitwe)
-- 1
-- 24.95
-- Q 172.5.C45 Ott
-- 1
-- AVAILABLE
-- 038458
-- Main Library Open Access Collection
995 ## -
-- MAIN LIBRARY OPEN ACCESS
-- 0.00
-- 735359
-- CBU-MAIN LIBRARY (Kitwe)
-- 2
-- 24.95
-- Q 172.5.C45 Ott
-- 2
-- AVAILABLE
-- 038460
-- Main Library Open Access Collection
995 ## -
-- MAIN LIBRARY OPEN ACCESS
-- 0.00
-- 735807
-- CBU-MAIN LIBRARY (Kitwe)
-- 3
-- 24.95
-- Q 172.5.C45 Ott
-- 3
-- AVAILABLE
-- 048790
-- Main Library Open Access Collection
999 ## -
-- 78154
-- 78154
Holdings
Withdrawn status Lost status Source of classification or shelving scheme Damaged status Not for loan Permanent Location Current Location Shelving location Date acquired Total Checkouts Full call number Barcode Date last seen Copy number Price effective from Koha item type
          CBU-MAIN LIBRARY, KITWE. CBU-MAIN LIBRARY, KITWE.   05/03/2023   Q 172.5.C45 Ott 038458 05/03/2023 1 05/03/2023 MONOGRAPH
          CBU-MAIN LIBRARY, KITWE. CBU-MAIN LIBRARY, KITWE.   05/03/2023   Q 172.5.C45 Ott 038460 05/03/2023 2 05/03/2023 MONOGRAPH
          CBU-MAIN LIBRARY, KITWE. CBU-MAIN LIBRARY, KITWE.   05/03/2023   Q 172.5.C45 Ott 048790 05/03/2023 3 05/03/2023 MONOGRAPH